| 000 | 00934nam a22001817a 4500 | ||
|---|---|---|---|
| 008 | 100712s1991 xxu||||| |||| 00| 0 ara d | ||
| 020 | _a7119013092 | ||
| 082 |
_222 _a210.951 _bي و ا |
||
| 100 | 1 |
_916188 _aيوان ، ابراهيم فنغ جين |
|
| 245 |
_aالاسلام في الصين / _cابراهيم فنغ جين يوان ؛ تعريب محمود يوسف لي هواين |
||
| 260 |
_aبكين : _bدارالنشر باللغات الاجنبية ،1991 _c1991. |
||
| 300 |
_a249 ص : _bخرائط ؛ _c19 سم. |
||
| 541 |
_aدكتور علاء عبد الغني ؛ _cإهداء ؛ |
||
| 650 |
_916190 _aالاسلام _zالصين |
||
| 700 |
_916191 _aهواين ، محمود يوسف لي _eتعريب |
||
| 942 |
_2ddc _cBB |
||
| 999 |
_c14460 _d14460 |
||